000 00791cam a22002654a 4500
001 16818338
005 20180216050757.0
008 110609s2012 maua 000 0 eng
010 _a 2011024235
020 _a9780136089889 (hbk.)
020 _a0136089887 (hbk.)
020 _a9780132110471 (hbk.)
020 _a0132110474 (hbk.)
040 _aDLC
_cDLC
041 _aeng
042 _apcc
080 _a339 HUB
082 0 0 _a339 HUB
_223
100 1 _a52
101 _aMAK
245 1 0 _aMacroeconomics /
_cR. Glenn Hubbard, Anthony Patrick O'Brien, Matthew Rafferty.
906 _a7
_bcbc
_corignew
_d1
_eecip
_f20
_gy-gencatlg
942 _2ddc
_cBK
999 _c42774
_d42774